F1 negative records - Statistics

Statistiche generali
  • Questo quiz è stato fatto 9 volte
    8 dall'ultimo reset
  • Il punteggio medio è 3 su 15
Statistiche sulle risposte
Hint Risposta % Corretto
The only team that had a 0 points scored season during the 20' Haas
71%
This driver scored a podium in his first ever F1 race, and since there he has never finished again in the top 3 Kevin Magnussen
29%
Most races without a win Nico Hulkenberg
29%
Worst championship placement in a race winning season Pastor Maldonado
29%
Most poles without a championship Charles Leclerc
14%
Most Q1 eliminations Lance Stroll
14%
Most races without points Luca Badoer
14%
Most points in a non-championship winning season Max Verstappen
14%
The only driver to finish a race in P24 this century Narain Karthikeyan
14%
Most podiums without a win Nick Heidfeld
14%
This driver scored a "Fastest Lap", but has never spent a single lap in top 10 during his whole carrer Nikita Mazepin
14%
Most points in a single season without finishing in the top 2 in the final standings Oscar Piastri
14%
This driver "won" the first ever driver of the day, but was fired from the team after few races Rio Haryanto
14%
Most wins without a championship Stirling Moss
14%
This driver scored 3 carrer poles, but has never led a race Teo Fabi
14%
Nessun quiz corrispondente trovato
Distribuzione punteggi
Percentuale di utenti per punteggio
Percentile per numero di risposta
I tuoi punteggi nel tempo
Non hai fatto questo quiz dall'ultimo reset